[Event "Titled Tuesday intern op 23rd Apr Late"]
[Site "Chess.com INT"]
[Date "2024.04.23"]
[Round "8"]
[White "Schut, Lisa"]
[Black "Vifleemskaia, Svetlana"]
[Result "1-0"]
[WhiteElo "2259"]
[BlackElo "1942"]
[PlyCount "81"]
[EventDate "2024.04.23"]
[EventType "swiss (blitz)"]
[EventRounds "11"]
[EventCountry "USA"]
[SourceTitle "CB18_2024"]
[SourceDate "2024.05.01"]
[SourceVersion "1"]
[SourceVersionDate "2024.05.01"]
[SourceQuality "2"]

1. e4 e5 2. Nf3 Nc6 3. Bc4 Nf6 4. d4 exd4 5. e5 d5 6. Bb5 Ne4 7. Nxd4 Bd7 8. Bxc6 bxc6 9. 0-0 Bc5 10. Be3 Bb6 11. Nd2 Nxd2 12. Qxd2 c5 13. Bg5 Qc8 14. e6 fxe6 15. Nf5 exf5 16. Rfe1+ Be6 17. Rxe6+ Qxe6 18. Re1 Kf7 19. Rxe6 Kxe6 20. Qe3+ Kd6 21. Qe7+ Kc6 22. Qe6+ Kb7 23. Qxd5+ c6 24. Qf7+ Ka6 25. Qxf5 Rae8 26. g3 c4 27. Qf7 Rhf8 28. Qxc4+ Kb7 29. Be3 Bxe3 30. fxe3 Rf3 31. e4 Rf6 32. Kg2 Rfe6 33. Kf3 R8e7 34. b4 Re5 35. a4 Kb6 36. c3 Kb7 37. Qd4 Kc8 38. c4 Kb7 39. b5 g5 40. Qd6 cxb5 41. axb5 1-0

[Event "Titled Tuesday intern op 04th May"]
[Site "Chess.com INT"]
[Date "2021.05.04"]
[Round "4"]
[White "Dowgird, Filip"]
[Black "Schut, Lisa"]
[Result "1-0"]
[WhiteElo "2348"]
[BlackElo "2259"]
[PlyCount "77"]
[EventDate "2021.05.04"]
[EventType "swiss (blitz)"]
[EventRounds "11"]
[EventCountry "USA"]
[SourceTitle "CBM 202 Extra"]
[Source "ChessBase"]
[SourceDate "2021.07.31"]
[SourceVersion "1"]
[SourceVersionDate "2021.07.31"]
[SourceQuality "1"]

1. d4 Nf6 2. Bf4 g6 3. Nc3 d5 4. e3 Bg7 5. Nf3 c5 6. dxc5 Nc6 7. Bb5 0-0 8. Bxc6 bxc6 9. Nd4 Qa5 10. Nb3 Qa6 11. Be5 Bf5 12. f3 Nd7 13. Bxg7 Kxg7 14. g4 Be6 15. Qd4+ f6 16. 0-0-0 Rfb8 17. h4 Qb7 18. h5 g5 19. h6+ Kf7 20. f4 Bxg4 21. Rdg1 e5 22. fxe5 Nxe5 23. Rxg4 Nxg4 24. Qxg4 Qe7 25. e4 d4 26. Nxd4 Qxc5 27. Qe6+ Kg6 28. Qf5+ Qxf5 29. exf5+ Kf7 30. Nxc6 Rc8 31. Nd4 Rc4 32. Ne6 Rb8 33. Rd1 Rcb4 34. b3 R4b7 35. Ne4 Ke7 36. N4c5 Rb5 37. Rd7+ Ke8 38. Rxh7 a5 39. Nc7+ 1-0

[Event "Titled Tuesday intern op 04th May"]
[Site "Chess.com INT"]
[Date "2021.05.04"]
[Round "8"]
[White "Schut, Lisa"]
[Black "Balaji, Aaravamudhan"]
[Result "0-1"]
[WhiteElo "2259"]
[BlackElo "2206"]
[PlyCount "118"]
[EventDate "2021.05.04"]
[EventType "swiss (blitz)"]
[EventRounds "11"]
[EventCountry "USA"]
[SourceTitle "CBM 202 Extra"]
[Source "ChessBase"]
[SourceDate "2021.07.31"]
[SourceVersion "1"]
[SourceVersionDate "2021.07.31"]
[SourceQuality "1"]

1. e4 c5 2. Nf3 Nc6 3. g3 e5 4. Bg2 h5 5. h4 d6 6. c3 Nf6 7. Qc2 Rb8 8. 0-0 b5 9. d4 Be7 10. d5 Na5 11. b3 Bd7 12. Bg5 Nh7 13. Be3 g5 14. hxg5 Nxg5 15. b4 Nc4 16. bxc5 Nxe3 17. fxe3 Nxf3+ 18. Rxf3 Bg4 19. Rf1 Bg5 20. Qf2 Rh7 21. c6 Qb6 22. Re1 h4 23. Bh1 Ke7 24. Nd2 Rbh8 25. Nf1 Qc5 26. a4 hxg3 27. Nxg3 Rh2 28. Qxh2 Bxe3+ 29. Kg2 Bf3+ 30. Kxf3 Rxh2 31. Rxe3 Rh3 32. Rae1 bxa4 33. Kg4 Rh8 34. Nf5+ Kd8 35. Rb1 Rg8+ 36. Kf3 a3 37. Rb8+ Kc7 38. Rxg8 a2 39. Rf8 a1Q 40. Rxf7+ Kb6 41. Rb7+ Ka5 42. Bg2 a6 43. Ne7 Qg1 44. Re2 Qxc3+ 45. Kg4 Qc4 46. c7 Qxe2+ 47. Kf5 Qgf2+ 48. Ke6 Qg4+ 49. Kxd6 Qf6+ 50. Kc5 Qxe7+ 51. d6 Qed7 52. Rb8 Qxg2 53. c8Q Qxc8+ 54. Rxc8 Qc2+ 55. Kd5 Qxc8 56. Kxe5 Kb5 57. Kd5 Qc6+ 58. Ke6 a5 59. Ke7 Qxe4+ 0-1

[Event "Titled Tuesday intern op 04th May"]
[Site "Chess.com INT"]
[Date "2021.05.04"]
[Round "10"]
[White "Schut, Lisa"]
[Black "Eggleston, Thomas"]
[Result "0-1"]
[WhiteElo "2259"]
[BlackElo "2178"]
[PlyCount "128"]
[EventDate "2021.05.04"]
[EventType "swiss (blitz)"]
[EventRounds "11"]
[EventCountry "USA"]
[SourceTitle "CBM 202 Extra"]
[Source "ChessBase"]
[SourceDate "2021.07.31"]
[SourceVersion "1"]
[SourceVersionDate "2021.07.31"]
[SourceQuality "1"]

1. e4 e6 2. d4 d5 3. Nc3 Nf6 4. Bg5 dxe4 5. Nxe4 Be7 6. Bxf6 gxf6 7. g3 f5 8. Nc3 Nd7 9. Bg2 Nf6 10. Qd2 c6 11. 0-0-0 Qc7 12. Nf3 b6 13. Ne5 Bb7 14. Qh6 Nd7 15. Qg7 Rf8 16. Rhe1 Bf6 17. Qxh7 Nxe5 18. dxe5 Rh8 19. Qxh8+ Bxh8 20. f4 Ke7 21. Re3 Rd8 22. Red3 Rxd3 23. Rxd3 a6 24. h4 c5 25. Bxb7 Qxb7 26. b3 f6 27. Re3 fxe5 28. fxe5 Qc7 29. Ne2 Bxe5 30. c3 Kf6 31. Kc2 Kg6 32. Kd3 Qd6+ 33. Kc2 Kh5 34. Rd3 Qc7 35. Re3 Kg4 36. Kd3 Bd6 37. Rxe6 Qd7 38. Rg6+ Kf3 39. Ng1+ Kg2 40. Ne2 Bf4+ 41. Kc4 b5+ 42. Kxc5 Qe7+ 43. Kb6 Qxe2 44. gxf4+ Kf3 45. Kxa6 Kxf4 46. Ka5 Ke5 47. Kb4 f4 48. Rg8 f3 49. h5 Kf6 50. Rf8+ Kg7 51. Rf4 f2 52. h6+ Kxh6 53. Rf6+ Kg5 54. Rf8 f1Q 55. Rg8+ Kf4 56. Rf8+ Ke3 57. Rxf1 Qxf1 58. c4 bxc4 59. bxc4 Kd4 60. Ka5 Qxc4 61. a4 Qb3 62. Ka6 Kc5 63. Ka7 Kc6 64. Ka8 Qb7# 0-1

[Event "Titled Tuesday intern op 20th Apr"]
[Site "Chess.com INT"]
[Date "2021.04.20"]
[Round "5"]
[White "Einarsson, Halldor Gretar"]
[Black "Schut, Lisa"]
[Result "0-1"]
[WhiteElo "2239"]
[BlackElo "2259"]
[PlyCount "70"]
[EventDate "2021.04.20"]
[EventType "swiss (blitz)"]
[EventRounds "11"]
[EventCountry "USA"]
[SourceTitle "CBM 202 Extra"]
[Source "ChessBase"]
[SourceDate "2021.07.31"]
[SourceVersion "1"]
[SourceVersionDate "2021.07.31"]
[SourceQuality "1"]

1. d4 Nf6 2. c4 g6 3. f3 d5 4. cxd5 Nxd5 5. e4 Nb6 6. Nc3 Bg7 7. Be3 c5 8. Bb5+ Bd7 9. Bxd7+ N8xd7 10. dxc5 Nc4 11. Qe2 Nxe3 12. Qxe3 Qa5 13. Nge2 Qxc5 14. Qxc5 Nxc5 15. 0-0-0 Rc8 16. Kb1 0-0 17. Rd5 e6 18. Rd2 Rfd8 19. Rhd1 Rxd2 20. Rxd2 Kf8 21. f4 Ke7 22. g3 h5 23. e5 f6 24. exf6+ Bxf6 25. Nd4 a6 26. Nf3 Bxc3 27. bxc3 Ne4 28. Rc2 Nxc3+ 29. Ka1 Rc5 30. Ne5 g5 31. Ng6+ Kf6 32. Ne5 Kf5 33. Nd7 Rc7 34. Nf8 gxf4 35. gxf4 Nd5 0-1

[Event "Titled Tuesday intern op 09th Mar"]
[Site "Chess.com INT"]
[Date "2021.03.09"]
[Round "6"]
[White "Sadovsky, Artem"]
[Black "Schut, Lisa"]
[Result "1-0"]
[WhiteElo "2408"]
[BlackElo "2259"]
[PlyCount "77"]
[EventDate "2021.03.09"]
[EventType "swiss (blitz)"]
[EventRounds "11"]
[EventCountry "USA"]
[SourceTitle "CBM 201 Extra"]
[Source "ChessBase"]
[SourceDate "2021.05.31"]
[SourceVersion "1"]
[SourceVersionDate "2021.05.31"]
[SourceQuality "1"]

1. g3 d5 2. Bg2 Nf6 3. c4 c6 4. b3 g6 5. Bb2 Bg7 6. Nf3 0-0 7. 0-0 Re8 8. d3 Nbd7 9. Nbd2 e5 10. cxd5 cxd5 11. e4 d4 12. Nc4 Bf8 13. a4 b6 14. a5 Ba6 15. axb6 axb6 16. Ncxe5 Nxe5 17. Nxe5 Rxe5 18. f4 Re8 19. e5 Nd5 20. Bxd4 Nb4 21. Bf2 Rc8 22. Rxa6 Nxa6 23. d4 Qd7 24. g4 Nb4 25. Qf3 Red8 26. f5 Nd5 27. Bh4 Rc3 28. Qf2 Ne3 29. Re1 Nxg2 30. Kxg2 Qxd4 31. Bxd8 Qxd8 32. e6 Qd5+ 33. Kf1 Qd3+ 34. Kg2 Bc5 35. exf7+ Kxf7 36. fxg6+ Kxg6 37. Re6+ Kg7 38. Qf6+ Kg8 39. Re8+ 1-0

[Event "Titled Tuesday intern op 02nd Mar"]
[Site "Chess.com INT"]
[Date "2021.03.02"]
[Round "3"]
[White "Csonka, Balazs"]
[Black "Schut, Lisa"]
[Result "1-0"]
[WhiteElo "2498"]
[BlackElo "2259"]
[PlyCount "55"]
[EventDate "2021.03.02"]
[EventType "swiss (blitz)"]
[EventRounds "11"]
[EventCountry "USA"]
[SourceTitle "CBM 201 Extra"]
[Source "ChessBase"]
[SourceDate "2021.05.31"]
[SourceVersion "1"]
[SourceVersionDate "2021.05.31"]
[SourceQuality "1"]

1. d4 Nf6 2. Nf3 g6 3. c4 Bg7 4. Nc3 d5 5. cxd5 Nxd5 6. e4 Nxc3 7. bxc3 c5 8. Bb5+ Bd7 9. Rb1 Qc7 10. 0-0 0-0 11. Be3 Rd8 12. Qb3 Nc6 13. d5 Na5 14. Qa4 Bg4 15. Be2 c4 16. Rfc1 e6 17. h3 Bxf3 18. Bxf3 Rac8 19. dxe6 fxe6 20. Bg4 Re8 21. Bxa7 Nc6 22. Bb6 Qf4 23. Qxc4 Ne5 24. Bxe6+ Kh8 25. Qxc8 Rxc8 26. Bxc8 Nd3 27. Rd1 Qxf2+ 28. Bxf2 1-0

[Event "Titled Tuesday intern op 23rd Feb"]
[Site "Chess.com INT"]
[Date "2021.02.23"]
[Round "2"]
[White "Maly, Alexey"]
[Black "Schut, Lisa"]
[Result "1/2-1/2"]
[WhiteElo "2371"]
[BlackElo "2259"]
[PlyCount "91"]
[EventDate "2021.02.23"]
[EventType "swiss (blitz)"]
[EventRounds "11"]
[EventCountry "USA"]
[SourceTitle "CBM 200 Extra"]
[Source "ChessBase"]
[SourceDate "2021.03.31"]
[SourceVersion "1"]
[SourceVersionDate "2021.03.31"]
[SourceQuality "1"]

1. d4 Nf6 2. c4 g6 3. Nc3 d5 4. cxd5 Nxd5 5. e4 Nxc3 6. bxc3 Bg7 7. Nf3 c5 8. Be3 0-0 9. Qd2 Nc6 10. d5 Na5 11. Bxc5 Bg4 12. Bd4 Bxf3 13. gxf3 Rc8 14. Be2 e6 15. Bxg7 Kxg7 16. 0-0 exd5 17. exd5 Qd6 18. Qd4+ Kg8 19. c4 b6 20. Rac1 Nb7 21. Rfe1 Nc5 22. Bf1 Ne6 23. Qf6 Qf4 24. Qxf4 Nxf4 25. Re7 Nxd5 26. Rxa7 Nf4 27. Rb7 Rc6 28. Rb1 Ra8 29. R7xb6 Rxb6 30. Rxb6 Rxa2 31. h4 Ra1 32. Rf6 Nh5 33. Rd6 Rc1 34. Rd4 Kf8 35. Kg2 h6 36. Bd3 g5 37. hxg5 hxg5 38. Be4 Nf4+ 39. Kh2 Ke7 40. Bd5 Rc2 41. Re4+ Kf6 42. Kg3 Ne2+ 43. Kg2 Nf4+ 44. Kg3 Ne2+ 45. Kg2 Nf4+ 46. Kg3 1/2-1/2

[Event "Titled Tuesday intern op 23rd Feb"]
[Site "Chess.com INT"]
[Date "2021.02.23"]
[Round "1"]
[White "Yanchenko, Roman"]
[Black "Schut, Lisa"]
[Result "1/2-1/2"]
[WhiteElo "2467"]
[BlackElo "2259"]
[PlyCount "88"]
[EventDate "2021.02.23"]
[EventType "swiss (blitz)"]
[EventRounds "11"]
[EventCountry "USA"]
[SourceTitle "CBM 200 Extra"]
[Source "ChessBase"]
[SourceDate "2021.03.31"]
[SourceVersion "1"]
[SourceVersionDate "2021.03.31"]
[SourceQuality "1"]

1. d4 Nf6 2. Nf3 g6 3. c4 Bg7 4. Bf4 0-0 5. Nc3 d5 6. c5 b6 7. b4 a5 8. cxb6 cxb6 9. bxa5 bxa5 10. e3 Ba6 11. Bxa6 Nxa6 12. 0-0 Rc8 13. Na4 Ne4 14. Nd2 Nd6 15. Qe2 Nb4 16. a3 Nc6 17. Rac1 e5 18. dxe5 Nxe5 19. Bxe5 Bxe5 20. Nf3 Bg7 21. Qa6 Nc4 22. h3 Ra8 23. Qc6 Rc8 24. Qb7 Rb8 25. Qa7 Nxa3 26. Rfd1 Nb5 27. Qc5 Qf6 28. Rxd5 h5 29. Qc4 Nd6 30. Qd3 Nf5 31. Rxa5 Rfd8 32. Rd5 Rxd5 33. Qxd5 Rd8 34. Qe4 Qa6 35. Ng5 Bf6 36. Rc6 Rd1+ 37. Kh2 Qf1 38. Qe8+ Kg7 39. Qxf7+ Kh6 40. Qf8+ Bg7 41. Nf7+ Kh7 42. Ng5+ Kh6 43. Nf7+ Kh7 44. Ng5+ Kh6 1/2-1/2

[Event "Titled Tuesday intern op 09th Feb"]
[Site "Chess.com INT"]
[Date "2021.02.09"]
[Round "3"]
[White "Schut, Lisa"]
[Black "Rorrer, Grayson"]
[Result "1/2-1/2"]
[WhiteElo "2259"]
[BlackElo "2117"]
[PlyCount "163"]
[EventDate "2021.02.09"]
[EventType "swiss (blitz)"]
[EventRounds "11"]
[EventCountry "USA"]
[SourceTitle "EXT 2022"]
[Source "ChessBase"]
[SourceDate "2021.10.06"]
[SourceVersion "1"]
[SourceVersionDate "2021.10.06"]
[SourceQuality "1"]

1. e4 c5 2. Nf3 d6 3. d4 cxd4 4. Nxd4 Nf6 5. Nc3 a6 6. h3 e5 7. Nde2 Be7 8. g4 h6 9. Bg2 Be6 10. 0-0 Nbd7 11. Ng3 Rc8 12. Nf5 Bxf5 13. gxf5 0-0 14. Kh2 Nb6 15. f4 Nc4 16. Qe2 Qa5 17. Rg1 exf4 18. Bf3 Kh8 19. Qg2 Rg8 20. Ne2 Ne3 21. Bxe3 fxe3 22. c3 Qe5+ 23. Kh1 b5 24. Rae1 b4 25. Qg3 Nxe4 26. Qxe5 Nf2+ 27. Kg2 dxe5 28. Bd5 Rgf8 29. c4 Nd3 30. Rb1 Bc5 31. Kf3 Bd4 32. Rg4 Nf2 33. Rg2 Nxh3 34. Rh1 Ng5+ 35. Rxg5 a5 36. Rg4 Bxb2 37. Rhg1 f6 38. Ke4 Rc7 39. R1g3 a4 40. Rxe3 b3 41. axb3 a3 42. Nc3 Bxc3 43. Rxc3 Ra7 44. Rg1 a2 45. Ra1 Rb8 46. c5 Rb4+ 47. Ke3 Rd4 48. Be4 Rb4 49. c6 Rb8 50. c7 Rc8 51. b4 Rcxc7 52. Rxc7 Rxc7 53. Rxa2 Rc4 54. Rb2 Rc3+ 55. Kd2 Rc4 56. Kd3 Rd4+ 57. Ke3 h5 58. b5 h4 59. b6 Rd8 60. b7 Rb8 61. Rh2 g5 62. fxg6 f5 63. Bxf5 Rxb7 64. Rxh4+ Kg8 65. Be6+ Kf8 66. Bf7 Rb2 67. Rh8+ Kg7 68. Rg8+ Kf6 69. Re8 Rb5 70. Re6+ Kg7 71. Rc6 Rb4 72. Rc5 Rg4 73. Rxe5 Rg3+ 74. Kf4 Rg1 75. Rg5 Rxg5 76. Kxg5 Kh8 77. Bd5 Kg7 78. Bf3 Kh8 79. Bg4 Kg7 80. Bh5 Kh8 81. Kh6 Kg8 82. g7 1/2-1/2

[Event "Titled Tuesday intern op 09th Feb"]
[Site "Chess.com INT"]
[Date "2021.02.09"]
[Round "8"]
[White "Schut, Lisa"]
[Black "Taichman, Ori"]
[Result "0-1"]
[WhiteElo "2259"]
[BlackElo "2285"]
[PlyCount "120"]
[EventDate "2021.02.09"]
[EventType "swiss (blitz)"]
[EventRounds "11"]
[EventCountry "USA"]
[SourceTitle "EXT 2022"]
[Source "ChessBase"]
[SourceDate "2021.10.06"]
[SourceVersion "1"]
[SourceVersionDate "2021.10.06"]
[SourceQuality "1"]

1. e4 c5 2. Nf3 Nc6 3. d4 cxd4 4. Nxd4 d5 5. Nxc6 bxc6 6. c4 dxe4 7. Qxd8+ Kxd8 8. Nc3 Bf5 9. Bf4 f6 10. 0-0-0+ Kc8 11. h3 e5 12. Be3 Bb4 13. g4 Bg6 14. Bg2 Bxc3 15. bxc3 h5 16. Rd6 hxg4 17. Rxc6+ Kb7 18. Rd6 gxh3 19. Rxh3 Rxh3 20. Bxh3 Re8 21. Rd7+ Kc6 22. Rxa7 Re7 23. Ra8 Bf7 24. c5 g6 25. Bc8 f5 26. Bg5 Re8 27. a4 Kxc5 28. Bb7 Rxa8 29. Bxa8 Bb3 30. a5 Kb5 31. Bd8 Nh6 32. Bb7 Nf7 33. a6 Nxd8 34. a7 Nxb7 35. a8Q Nc5 36. Qb8+ Kc4 37. Qg8+ Kxc3 38. Qxg6 Nd3+ 39. Kb1 f4 40. Qxe4 Bc2+ 41. Ka1 Kd2 42. f3 Kc3 43. Qe2 Kb3 44. Qd2 Nb4 45. Qc1 Nd3 46. Qg1 Kc3 47. Qg2 Nc5 48. Qe2 Nb3+ 49. Ka2 Nc1+ 50. Ka3 Nxe2 51. Ka2 Nd4 52. Ka1 Nxf3 53. Ka2 Nd2 54. Ka3 e4 55. Ka2 e3 56. Ka3 e2 57. Ka2 e1Q 58. Ka3 Qc1+ 59. Ka2 Qb1+ 60. Ka3 Qa1# 0-1

[Event "Speed Chess (Women) Q5"]
[Site "Chess.com INT"]
[Date "2020.06.22"]
[Round "3"]
[White "Maltsevskaya, Aleksandra"]
[Black "Schut, Lisa"]
[Result "1-0"]
[WhiteElo "2272"]
[BlackElo "2259"]
[PlyCount "51"]
[EventDate "2020.06.22"]
[EventType "swiss (blitz)"]
[EventRounds "13"]
[EventCountry "USA"]
[SourceTitle "CBM 196 Extra"]
[Source "ChessBase"]
[SourceDate "2020.07.31"]
[SourceVersion "1"]
[SourceVersionDate "2020.07.31"]
[SourceQuality "1"]

1. e4 c5 2. Nf3 d6 3. d4 cxd4 4. Nxd4 Nf6 5. Nc3 a6 6. g3 e5 7. Nb3 Be7 8. Bg2 0-0 9. 0-0 Be6 10. Re1 Qc7 11. a4 Nbd7 12. Nd2 Qc6 13. Nf1 b5 14. Ne3 b4 15. Ncd5 Bxd5 16. exd5 Qc7 17. Bd2 Rfb8 18. c3 bxc3 19. Bxc3 Nb6 20. Ba5 Qd7 21. b3 Qa7 22. Rc1 Rc8 23. Rc6 Nbd7 24. Nf5 Nc5 25. b4 Nb7 26. Nxe7+ 1-0

[Event "Speed Chess (Women) Q5"]
[Site "Chess.com INT"]
[Date "2020.06.22"]
[Round "1"]
[White "Schut, Lisa"]
[Black "Afraoui, Anaelle"]
[Result "1-0"]
[WhiteElo "2259"]
[BlackElo "2120"]
[PlyCount "79"]
[EventDate "2020.06.22"]
[EventType "swiss (blitz)"]
[EventRounds "13"]
[EventCountry "USA"]
[SourceTitle "CBM 196 Extra"]
[Source "ChessBase"]
[SourceDate "2020.07.31"]
[SourceVersion "1"]
[SourceVersionDate "2020.07.31"]
[SourceQuality "1"]

1. e4 d6 2. d4 Nf6 3. Nc3 g6 4. f3 c6 5. Be3 b5 6. Qd2 Nbd7 7. h4 Nb6 8. Bd3 a6 9. Nh3 Bxh3 10. Rxh3 Qc7 11. Ne2 c5 12. c3 cxd4 13. cxd4 Nc4 14. Bxc4 Qxc4 15. b3 Qc7 16. Rc1 Qd7 17. Kf2 Bg7 18. Nf4 0-0 19. h5 Rac8 20. Rch1 Rc7 21. Kg3 Rfc8 22. hxg6 hxg6 23. e5 dxe5 24. dxe5 Qxd2 25. Bxd2 Nd7 26. e6 Nf6 27. exf7+ Kxf7 28. Re1 Rc2 29. Bb4 R8c7 30. Rhh1 Rxa2 31. Nh3 Nh5+ 32. Kh2 Bf6 33. Rhg1 a5 34. Bxe7 Rxe7 35. Rxe7+ Bxe7 36. Re1 a4 37. bxa4 bxa4 38. Re4 a3 39. Ra4 Ra1 40. Ra7 1-0

[Event "Speed Chess (Women) Q5"]
[Site "Chess.com INT"]
[Date "2020.06.22"]
[Round "7"]
[White "Schut, Lisa"]
[Black "Kovanova, Baira"]
[Result "1-0"]
[WhiteElo "2259"]
[BlackElo "2343"]
[PlyCount "95"]
[EventDate "2020.06.22"]
[EventType "swiss (blitz)"]
[EventRounds "13"]
[EventCountry "USA"]
[SourceTitle "CBM 196 Extra"]
[Source "ChessBase"]
[SourceDate "2020.07.31"]
[SourceVersion "1"]
[SourceVersionDate "2020.07.31"]
[SourceQuality "1"]

1. e4 e5 2. Nf3 Nc6 3. Bc4 Nf6 4. d4 exd4 5. e5 d5 6. Bb5 Ne4 7. Nxd4 Bd7 8. Bxc6 bxc6 9. 0-0 Bc5 10. Be3 Bb6 11. Nd2 c5 12. N4b3 Nxd2 13. Qxd2 d4 14. Bg5 Qc8 15. Rfe1 h6 16. Bh4 Qb7 17. Qd3 Qd5 18. Nd2 Bc6 19. f3 0-0 20. b3 a5 21. a4 Bb7 22. Bf2 Rad8 23. Qf5 Qe6 24. Qh5 Bd5 25. Ne4 c4 26. bxc4 Bxc4 27. Rab1 Rfe8 28. Bh4 Rd5 29. f4 d3+ 30. Bf2 Bxf2+ 31. Nxf2 d2 32. Red1 Qd7 33. Ne4 Rd4 34. Nf6+ gxf6 35. exf6 Qe6 36. Qxh6 Qg4 37. h3 Qg6 38. Qh4 Bd5 39. g4 Bf3 40. f5 Rxg4+ 41. hxg4 Qxg4+ 42. Qxg4+ Bxg4 43. Rxd2 Bxf5 44. Rf1 Bg6 45. Rf4 Rb8 46. Kf2 Kf8 47. Rc4 Ke8 48. Rxc7 1-0

[Event "Speed Chess (Women) Q4"]
[Site "Chess.com INT"]
[Date "2020.06.21"]
[Round "2"]
[White "Bulmaga, Irina"]
[Black "Schut, Lisa"]
[Result "1-0"]
[WhiteElo "2440"]
[BlackElo "2259"]
[PlyCount "149"]
[EventDate "2020.06.21"]
[EventType "swiss (blitz)"]
[EventRounds "9"]
[EventCountry "USA"]
[SourceTitle "CBM 196 Extra"]
[Source "ChessBase"]
[SourceDate "2020.07.31"]
[SourceVersion "1"]
[SourceVersionDate "2020.07.31"]
[SourceQuality "1"]

1. e4 c5 2. Nf3 d6 3. d4 cxd4 4. Nxd4 Nf6 5. Nc3 a6 6. h3 e6 7. Be3 d5 8. e5 Nfd7 9. Bf4 Nc6 10. Nxc6 bxc6 11. Bd3 Rb8 12. Rb1 Nc5 13. 0-0 Nxd3 14. Qxd3 Be7 15. a3 c5 16. Ne2 0-0 17. c3 Bd7 18. Rfe1 Bb5 19. Qd2 Rb7 20. Ng3 Bc4 21. Nh5 g6 22. Ng3 Qb8 23. Bg5 Bxg5 24. Qxg5 Qd8 25. Qh6 f5 26. exf6 Qxf6 27. Qe3 Ba2 28. Rbd1 Rxb2 29. Rd2 d4 30. cxd4 cxd4 31. Qd3 Bc4 32. Ne4 Qe5 33. Qxd4 Qxd4 34. Rxd4 Bd5 35. f3 Ra2 36. a4 Kg7 37. Nc3 Ra3 38. Nxd5 exd5 39. Re7+ Rf7 40. Re5 Rd7 41. Re6 a5 42. Ra6 Ra2 43. Rxa5 Re7 44. Raxd5 Re1+ 45. Kh2 Ree2 46. Rg5 Kf6 47. h4 Reb2 48. a5 Ra3 49. Kh3 Rba2 50. Rd6+ Kg7 51. Rd7+ Kf6 52. Rxh7 Rxa5 53. Rxa5 Rxa5 54. Rb7 Ra1 55. Kg4 Ra4+ 56. f4 Ra3 57. g3 Rc3 58. Rb6+ Kg7 59. Rb5 Rd3 60. h5 gxh5+ 61. Rxh5 Kf6 62. Rb5 Kf7 63. Rb6 Kg7 64. Kh4 Rd1 65. g4 Rh1+ 66. Kg5 Rc1 67. f5 Rc5 68. Rb7+ Kf8 69. Kg6 Rc8 70. f6 Rd8 71. Rh7 Kg8 72. f7+ Kf8 73. Rh8+ Ke7 74. Rxd8 Kxd8 75. f8Q+ 1-0

[Event "Speed Chess (Women) Q4"]
[Site "Chess.com INT"]
[Date "2020.06.21"]
[Round "1"]
[White "Schut, Lisa"]
[Black "Shukhman, Anna"]
[Result "1-0"]
[WhiteElo "2259"]
[BlackElo "1866"]
[PlyCount "59"]
[EventDate "2020.06.21"]
[EventType "swiss (blitz)"]
[EventRounds "9"]
[EventCountry "USA"]
[SourceTitle "CBM 196 Extra"]
[Source "ChessBase"]
[SourceDate "2020.07.31"]
[SourceVersion "1"]
[SourceVersionDate "2020.07.31"]
[SourceQuality "1"]

1. e4 c5 2. Nf3 e6 3. d4 cxd4 4. Nxd4 Nf6 5. Nc3 d6 6. Be3 Be7 7. Qd2 0-0 8. f3 Nc6 9. g4 Nxd4 10. Qxd4 d5 11. g5 Nd7 12. exd5 Bxg5 13. 0-0-0 exd5 14. Nxd5 Bxe3+ 15. Nxe3 Qa5 16. Kb1 Nf6 17. Rg1 Nh5 18. Bc4 Be6 19. Rxg7+ Nxg7 20. Rg1 f6 21. Qd7 Bf7 22. Nf5 Kh8 23. Nd6 Qc5 24. Nxf7+ Rxf7 25. Qg4 Re7 26. a3 Rc8 27. Bd3 Rd8 28. h4 h5 29. Qg6 f5 30. Rg5 1-0

[Event "Speed Chess (Women) Q4"]
[Site "Chess.com INT"]
[Date "2020.06.21"]
[Round "8"]
[White "Schut, Lisa"]
[Black "Tarini, Goyal"]
[Result "0-1"]
[WhiteElo "2259"]
[BlackElo "2164"]
[PlyCount "94"]
[EventDate "2020.06.21"]
[EventType "swiss (blitz)"]
[EventRounds "9"]
[EventCountry "USA"]
[SourceTitle "CBM 196 Extra"]
[Source "ChessBase"]
[SourceDate "2020.07.31"]
[SourceVersion "1"]
[SourceVersionDate "2020.07.31"]
[SourceQuality "1"]

1. e4 c6 2. d4 d5 3. Nc3 dxe4 4. Nxe4 Bf5 5. Ng3 Bg6 6. h4 h6 7. h5 Bh7 8. Nf3 e6 9. Bd3 Bxd3 10. Qxd3 Nf6 11. Bd2 Be7 12. 0-0-0 c5 13. Ne4 cxd4 14. Nxf6+ Bxf6 15. Bb4 Nc6 16. Qb5 Qb6 17. Qxb6 axb6 18. Ba3 b5 19. Bc5 Rxa2 20. Kb1 Ra4 21. b3 Ra6 22. Nxd4 b6 23. c4 bxc5 24. cxb5 Bxd4 25. bxa6 Ke7 26. Rc1 Ra8 27. f3 Rxa6 28. Rhd1 Nb4 29. Rxd4 cxd4 30. Rc7+ Kf6 31. Rb7 Nd5 32. Kc2 Rc6+ 33. Kd2 e5 34. b4 Ne3 35. g4 Nd5 36. Kd3 Rb6 37. Rd7 Ke6 38. Rd8 Rxb4 39. Re8+ Ne7 40. Ke4 Rb3 41. Rxe7+ Kxe7 42. Kxe5 d3 43. g5 d2 44. gxh6 gxh6 45. Kf5 d1Q 46. f4 Qd3+ 47. Kg4 Qh3# 0-1

[Event "Titled Tuesday intern op 28th Apr"]
[Site "Chess.com INT"]
[Date "2020.04.28"]
[Round "8"]
[White "Huda, Maryana"]
[Black "Schut, Lisa"]
[Result "0-1"]
[WhiteElo "2128"]
[BlackElo "2259"]
[PlyCount "74"]
[EventDate "2020.04.28"]
[EventType "swiss (blitz)"]
[EventRounds "10"]
[EventCountry "USA"]
[SourceTitle "EXT 2021"]
[Source "ChessBase"]
[SourceDate "2020.10.23"]
[SourceVersion "1"]
[SourceVersionDate "2020.10.23"]
[SourceQuality "1"]

1. e4 c5 2. Nf3 d6 3. c4 Nf6 4. Nc3 Bg4 5. h3 Bxf3 6. Qxf3 Nc6 7. Qd1 g6 8. d3 Bg7 9. Be3 Nd7 10. Qd2 0-0 11. g4 Nd4 12. Bg2 Rb8 13. h4 Ne5 14. Qd1 f5 15. exf5 gxf5 16. gxf5 Rxf5 17. Rh3 Kh8 18. Be4 Qf8 19. Rg3 Nef3+ 20. Kf1 Nxh4 21. Qg4 Qf6 22. Bxd4 cxd4 23. Bxf5 Nxf5 24. Rf3 dxc3 25. Rxf5 cxb2 26. Rb1 Qc3 27. Qe2 Qc1+ 28. Qe1 Qc2 29. Qd1 Qc3 30. Kg2 Rg8 31. Rg5 Bf6 32. Rxg8+ Kxg8 33. Qg4+ Kf8 34. Qe2 Qd4 35. Qe3 Qg4+ 36. Qg3 Qf5 37. Qf3 Qg6+ 0-1

[Event "Titled Tuesday intern op 28th Apr"]
[Site "Chess.com INT"]
[Date "2020.04.28"]
[Round "7"]
[White "Shevtchenko, Olesya"]
[Black "Schut, Lisa"]
[Result "0-1"]
[WhiteElo "2054"]
[BlackElo "2259"]
[PlyCount "96"]
[EventDate "2020.04.28"]
[EventType "swiss (blitz)"]
[EventRounds "10"]
[EventCountry "USA"]
[SourceTitle "EXT 2021"]
[Source "ChessBase"]
[SourceDate "2020.10.23"]
[SourceVersion "1"]
[SourceVersionDate "2020.10.23"]
[SourceQuality "1"]

1. e4 c5 2. Nc3 d6 3. h3 Nf6 4. g4 g6 5. Bg2 Bg7 6. d3 0-0 7. Nge2 Nc6 8. 0-0 Rb8 9. Ng3 b5 10. f4 b4 11. Nce2 Bb7 12. g5 Nd7 13. h4 f5 14. exf5 gxf5 15. h5 Nd4 16. Nxd4 Bxd4+ 17. Kh2 Bxg2 18. Kxg2 Qc8 19. Qf3 Qb7 20. Ne2 Bh8 21. c3 Qxf3+ 22. Kxf3 e5 23. Bd2 e4+ 24. dxe4 fxe4+ 25. Kxe4 Rbe8+ 26. Kd3 c4+ 27. Kxc4 Rxe2 28. Rad1 bxc3 29. Bxc3 Rc8+ 30. Kd5 Nb6+ 31. Kxd6 Bxc3 32. bxc3 Kf7 33. f5 Nc4+ 34. Kd5 Ne3+ 35. Kd4 Nxd1 36. Kd3 Re5 37. g6+ Kf6 38. gxh7 Ne3 39. Rg1 Rd8+ 40. Ke2 Nxf5+ 41. Kf3 Rh8 42. Rg6+ Kf7 43. Ra6 Re7 44. Kf4 Ng7 45. Rh6 Re6 46. Kg5 Rxh6 47. Kxh6 Nf5+ 48. Kg5 Rxh7 0-1